000 00786 a2200241 4500
003 CBULib
005 20240129140812.0
008 240126b |||||||| |||| 00| 0 eng d
040 _aCBULib
_bEnglish
_cCBULib
_erda
041 _aeng
050 _aCBU-PG THESIS/CHE
100 _aChewe, Marjorie
_92307
245 _aAnalysis of active ingredients found in cassia abbreviate plant
_c/ by Majorie Chewe
260 _bCopperbelt University,
_c2022.
_aKitwe:
300 _axii, 58 pages : illustrations
336 _2rdacontent
_aText |
_btxt
337 _2rdamedia
_aUnmediated |
_bn
338 _2rdacarrier
_aVolume
_bnc
500 _aincludes bibliographical references and an appendix
650 0 _92308
_aCASSIA ABBREVIATA PLANT
650 0 _92234
_aCHEMISTRY
942 _2lcc
_c030
999 _c84221
_d84221